[Event "POL-chT U20 1st League"]
[Site "Chotowa"]
[Date "2025.06.22"]
[Round "9.9"]
[White "Markowski, Adam"]
[Black "Mrozowski, Nikodem"]
[Result "1/2-1/2"]
[WhiteElo "1882"]
[BlackElo "1927"]
[PlyCount "156"]
[EventDate "2025.06.14"]
[EventType "team-swiss"]
[EventRounds "9"]
[EventCountry "POL"]
[SourceTitle "CB26_2025"]
[SourceDate "2025.06.25"]
[SourceVersion "1"]
[SourceVersionDate "2025.06.25"]
[SourceQuality "1"]
[WhiteTeam "Bialystok Stoczek II"]
[BlackTeam "Rzeszow"]
[WhiteTeamCountry "POL"]
[BlackTeamCountry "POL"]

1. d4 Nf6 2. c4 g6 3. Nc3 d5 4. cxd5 Nxd5 5. g3 Nb6 6. Bg2 Bg7 7. e3 0-0 8. Nge2 c6 9. 0-0 e5 10. dxe5 Bxe5 11. Qc2 Qe7 12. e4 Be6 13. Kh1 N8d7 14. b3 Bg7 15. f4 Bg4 16. Bb2 Qc5 17. Rac1 Qe3 18. h3 Bxe2 19. Nxe2 Bxb2 20. Qxb2 Qd3 21. Rfd1 Qb5 22. e5 Qb4 23. Nc3 Qe7 24. h4 f6 25. exf6 Nxf6 26. Re1 Qg7 27. Qe2 Rfe8 28. Qf3 Qd7 29. Red1 Qg4 30. Qf2 Rad8 31. Rxd8 Rxd8 32. Bf3 Qh3+ 33. Kg1 Ng4 34. Bxg4 Qxg4 35. Re1 Rd3 36. Ne4 Qf5 37. Kh2 Qa5 38. Re2 Nd7 39. g4 Qb6 40. Qg2 Qc7 41. Qf2 Qb6 42. Qg2 Qc7 43. Qf1 Qd8 44. g5 Rd4 45. h5 gxh5 46. f5 Qc7+ 47. Kg2 c5 48. Qf3 Qc6 49. Kf2 Qc7 50. Kg1 Qc6 51. Qf4 Qb5 52. Kf2 Qc6 53. f6 Qe6 54. Kg2 c4 55. Qf3 cxb3 56. Ng3 Qd5 57. f7+ Qxf7 58. Nf5 Rg4+ 59. Kf2 Kf8 60. Re7 Qxe7 61. Nxe7+ Kxe7 62. Qe3+ Kd6 63. axb3 Ne5 64. Qxa7 Rxg5 65. Qxb7 Rf5+ 66. Ke2 Rf7 67. Qe4 Re7 68. Qf4 Kd5 69. Kd2 h4 70. Kc2 Rc7+ 71. Kb1 h3 72. Qg3 Rf7 73. Qxh3 Rf3 74. Qg2 h5 75. b4 h4 76. b5 h3 77. Qd2+ Rd3 78. Qc2 h2 1/2-1/2

[Event "POL-chT U20 1st League"]
[Site "Chotowa"]
[Date "2025.06.16"]
[Round "3.15"]
[White "Markowski, Adam"]
[Black "Niec, Ignacy"]
[Result "1-0"]
[WhiteElo "1882"]
[BlackElo "1426"]
[PlyCount "77"]
[EventDate "2025.06.14"]
[EventType "team-swiss"]
[EventRounds "9"]
[EventCountry "POL"]
[SourceTitle "CB26_2025"]
[SourceDate "2025.06.25"]
[SourceVersion "1"]
[SourceVersionDate "2025.06.25"]
[SourceQuality "1"]
[WhiteTeam "Bialystok Stoczek II"]
[BlackTeam "Staniatki Goniec"]
[WhiteTeamCountry "POL"]
[BlackTeamCountry "POL"]

1. d4 d5 2. Nf3 Nf6 3. c4 dxc4 4. e3 e6 5. Bxc4 c5 6. Nc3 a6 7. a4 Nc6 8. 0-0 Qc7 9. Qe2 Bd6 10. h3 0-0 11. Rd1 b6 12. Kh1 Bb7 13. dxc5 bxc5 14. e4 Ne5 15. Rxd6 Nxf3 16. gxf3 Qxd6 17. e5 Qc6 18. exf6 Qxf3+ 19. Qxf3 Bxf3+ 20. Kh2 gxf6 21. Bh6 Rfc8 22. Rg1+ Kh8 23. Bg7+ Kg8 24. Bxf6+ Kf8 25. Rg7 h5 26. Rh7 Ke8 27. Nb5 Kd7 28. Rxf7+ Kc6 29. Na7+ Rxa7 30. Rxa7 Rg8 31. Bg7 Kb6 32. Re7 Ka5 33. b3 Kb4 34. Bxe6 Rd8 35. Bc4 h4 36. Re3 Bc6 37. Bc3+ Ka3 38. Re1 Rf8 39. Ra1# 1-0

[Event "POL-ch Blitz U18"]
[Site "Bydgoszcz"]
[Date "2023.08.31"]
[Round "3"]
[White "Czech, Franciszek"]
[Black "Markowski, Adam"]
[Result "1/2-1/2"]
[WhiteElo "1280"]
[BlackElo "1223"]
[PlyCount "116"]
[EventDate "2023.08.28"]
[EventType "swiss"]
[EventRounds "10"]
[EventCountry "POL"]
[SourceTitle "CBM 216 Extra"]
[Source "ChessBase"]
[SourceDate "2023.11.30"]
[SourceVersion "1"]
[SourceVersionDate "2023.11.30"]
[SourceQuality "1"]

1. c4 Nf6 2. Nc3 e6 3. d4 d5 4. Bg5 c6 5. e3 Be7 6. Bh4 0-0 7. Nf3 Nbd7 8. Bd3 b6 9. 0-0 Bb7 10. cxd5 cxd5 11. Rc1 Ne4 12. Bxe7 Qxe7 13. Qc2 Ndf6 14. Nd2 Rac8 15. Bxe4 Nxe4 16. Ndxe4 dxe4 17. Qb1 f5 18. a3 Kh8 19. Qa2 Rfd8 20. Rfd1 Qf6 21. Ne2 Bd5 22. Qb1 g5 23. Rc3 h6 24. Rdc1 Qf8 25. Qc2 Bb7 26. Rxc8 Rxc8 27. Qd2 Rxc1+ 28. Qxc1 Qc8 29. Qd2 Bd5 30. Nc3 Qc4 31. h3 Kg7 32. Qe1 Qb3 33. Qd2 Qc4 34. Kh2 Qb3 35. Nxd5 exd5 36. Qc3 Qxc3 37. bxc3 Kf6 38. Kg3 Ke6 39. h4 Kd6 40. hxg5 hxg5 41. f3 Kc6 42. fxe4 dxe4 43. Kh3 Kd5 44. g4 f4 45. Kg2 f3+ 46. Kg3 Kc4 47. a4 a5 48. Kf2 Kd5 49. Ke1 Kc4 50. Kd2 Kd5 51. Ke1 Kc4 52. Kf2 Kd5 53. Kg3 Kc4 54. Kh2 Kd5 55. Kg1 Kc4 56. Kf2 Kxc3 57. Kg3 Kd2 58. Kh2 Ke2 1/2-1/2

[Event "POL-ch Rapid U18"]
[Site "Bydgoszcz"]
[Date "2023.08.30"]
[Round "9"]
[White "Czech, Franciszek"]
[Black "Markowski, Adam"]
[Result "0-1"]
[WhiteElo "1514"]
[BlackElo "1303"]
[PlyCount "112"]
[EventDate "2023.08.28"]
[EventType "swiss"]
[EventRounds "11"]
[EventCountry "POL"]
[SourceTitle "CBM 216 Extra"]
[Source "ChessBase"]
[SourceDate "2023.11.30"]
[SourceVersion "1"]
[SourceVersionDate "2023.11.30"]
[SourceQuality "1"]

1. e4 e6 2. b3 d5 3. Bb2 dxe4 4. Nc3 Nf6 5. Qe2 Be7 6. 0-0-0 0-0 7. Nxe4 b6 8. Nxf6+ Bxf6 9. d4 Bb7 10. h4 Qe7 11. Nf3 Nd7 12. Rg1 c5 13. dxc5 Bxb2+ 14. Kxb2 Nxc5 15. g4 Qf6+ 16. Nd4 Rfd8 17. g5 Qf4 18. Rg4 Qc7 19. h5 e5 20. Nf3 Rxd1 21. Qxd1 Rd8 22. Qe2 e4 23. Nd2 Qe5+ 24. Kb1 Ba6 25. c4 Bc8 26. Rg3 Bf5 27. Qe3 Nd3 28. Bxd3 Rxd3 29. Nf3 Qc3 30. Qc1 Qxc1+ 31. Kxc1 Rxf3 32. Rg1 Rxf2 33. Rd1 Kf8 34. Rd8+ Ke7 35. Ra8 e3 36. Rxa7+ Ke6 37. Rb7 Rf1+ 38. Kb2 e2 39. Rxb6+ Ke5 40. Rb5+ Kf4 41. a4 e1Q 42. a5 Rf2+ 43. Ka3 Qe7+ 44. c5 Qe5 45. a6 Qa1+ 46. Kb4 Qxa6 47. Rb6 Qxb6+ 48. cxb6 Be4 49. Ka5 Ra2+ 50. Kb5 Kxg5 51. b4 Rb2 52. Kc5 f5 53. b5 Bd3 54. b7 Rxb5+ 55. Kc6 Rxb7 56. Kxb7 f4 0-1

[Event "POL-ch Rapid U18"]
[Site "Bydgoszcz"]
[Date "2023.08.30"]
[Round "7"]
[White "Lenkov, Stanislav"]
[Black "Markowski, Adam"]
[Result "1-0"]
[WhiteElo "1153"]
[BlackElo "1303"]
[PlyCount "60"]
[EventDate "2023.08.28"]
[EventType "swiss"]
[EventRounds "11"]
[EventCountry "POL"]
[SourceTitle "CBM 216 Extra"]
[Source "ChessBase"]
[SourceDate "2023.11.30"]
[SourceVersion "1"]
[SourceVersionDate "2023.11.30"]
[SourceQuality "1"]

1. e4 c5 2. Ne2 e6 3. Nbc3 Nc6 4. g3 d6 5. Bg2 Nf6 6. d3 Be7 7. 0-0 0-0 8. f4 d5 9. e5 Nd7 10. h3 b6 11. g4 Bb7 12. Ng3 a6 13. a4 Nd4 14. Nce2 Nxe2+ 15. Qxe2 b5 16. a5 c4 17. d4 b4 18. g5 Nb8 19. h4 Nc6 20. Be3 c3 21. b3 Nxa5 22. Qg4 g6 23. h5 Bc8 24. Kf2 Kg7 25. Rh1 Rh8 26. hxg6 fxg6 27. Qh4 Nc6 28. Rh2 Qb6 29. Rah1 Bf8 30. Nh5+ Kf7 1-0

[Event "POL-ch Rapid U18"]
[Site "Bydgoszcz"]
[Date "2023.08.29"]
[Round "6"]
[White "Markowski, Adam"]
[Black "Feseniuk, Pavlo"]
[Result "1-0"]
[WhiteElo "1303"]
[BlackElo "1184"]
[PlyCount "103"]
[EventDate "2023.08.28"]
[EventType "swiss"]
[EventRounds "11"]
[EventCountry "POL"]
[SourceTitle "CBM 216 Extra"]
[Source "ChessBase"]
[SourceDate "2023.11.30"]
[SourceVersion "1"]
[SourceVersionDate "2023.11.30"]
[SourceQuality "1"]

1. d4 Nf6 2. c4 g6 3. Nc3 Bg7 4. Nf3 0-0 5. g3 d6 6. Bg2 Nbd7 7. 0-0 e5 8. e4 c6 9. b3 a5 10. Ba3 Qc7 11. dxe5 dxe5 12. Bxf8 Kxf8 13. Qc2 b5 14. cxb5 cxb5 15. Rac1 Ba6 16. Nd5 Qxc2 17. Rxc2 b4 18. Rd1 Kg8 19. Nc7 Rc8 20. Rdc1 Bd3 21. Rd2 Bxe4 22. Ng5 Bxg2 23. Kxg2 Bh6 24. h4 Nb6 25. Rd6 Nbd7 26. Rdc6 Bxg5 27. hxg5 Ne4 28. Nd5 Rxc6 29. Rxc6 Nxg5 30. Nf6+ Nxf6 31. Rxf6 Kg7 32. Ra6 f5 33. Rxa5 e4 34. Rb5 Kf6 35. Rxb4 Ke5 36. Rb5+ Kd6 37. g4 Kc6 38. Ra5 Kb6 39. Re5 Nf3 40. Re6+ Ka5 41. gxf5 gxf5 42. Rh6 Kb4 43. Rxh7 Ka3 44. Ra7+ Kb4 45. Kg3 Kb5 46. a3 Nd4 47. b4 Nc2 48. Kf4 Nd4 49. Ra5+ Kb6 50. Rd5 Nc2 51. a4 Nxb4 52. Rb5+ 1-0